000 00760nam a2200217 i 4500
001 37158
003 ES-MaACL
005 20251120174839.0
007 t|
008 030220q1906 sp ||||1| spa d
100 1 _aBumm, Ernest.
_932540
245 1 0 _aTratado completo de obstetricia /
_cpor Ernesto Bumm ; traducida directamente de la 14ª edición alemana por M. Montaner ; con un prólogo de Miguel Fargas.
250 _a6ª ed española.
260 _aBarcelona :
_b[s.n.,
_c1906?] (
_fSantiago Vives)
300 _aXI, 888 p. :
_bil. ;
_c28 cm.
650 7 _aObstetricia
_2embne
_915676
700 1 _aMontaner, M.
_982374
700 1 _aFargas y Roca, Miguel A.,
_d1858-1916
_9147075
852 _aES-MaACL
_jE-327
999 _c37158
_d37158